Changing Society of Twentieth Century Bengal/ (Record no. 211729)

MARC details
000 -LEADER
fixed length control field 00606nam a22001817a 4500
005 - DATE AND TIME OF LATEST TRANSACTION
control field 20250611122519.0
010 ## - LCCN (DPL NO)
LC control number ENG-145279
020 ## - INTERNATIONAL STANDARD BOOK NUMBER
International Standard Book Number 9788180642548
Terms of availability 400.00
035 ## - SYSTEM CONTROL NUMBER
System control number EN-128811
037 ## - SOURCE OF ACQUISITION
Source of stock number/acquisition DBAD
082 ## - DEWEY DECIMAL CLASSIFICATION NUMBER
Classification number 362.10820954
Edition number 1
245 ## - TITLE STATEMENT
Title Changing Society of Twentieth Century Bengal/
Statement of responsibility, etc Edited by Shyamal Chandra Sarkar
260 ## - PUBLICATION, DISTRIBUTION, ETC. (IMPRINT)
Place of publication, distribution, etc Kolkata
Name of publisher, distributor, etc Progressive Publishers
Date of publication, distribution, etc 2014
270 ## - ADDRESS
Address 37A, College Street
City Kolkata
Electronic mail address progressivepubl@yahoo.co.in
300 ## - PHYSICAL DESCRIPTION
Extent 455p.
Dimensions 22cm(hb)
700 ## - ADDED ENTRY--PERSONAL NAME
Personal name Sarkar, Shyamal Chandra
Relator term Editor
9 (RLIN) 81886
942 ## - ADDED ENTRY ELEMENTS (KOHA)
Source of classification or shelving scheme Dewey Decimal Classification
Item type English Books
Classification part 362.10820954
Call number suffix CHA
Holdings
Withdrawn status Lost status Not for loan Collection code Home library Current library Date acquired Source of acquisition Cost, normal purchase price Full call number Barcode Copy number Cost, replacement price Koha item type
      Non-fiction Mobile Library Mobile Library 11/06/2025 Delivery of Books Act Division 400.00 362.10820954 CHA EN-128811 1 400.00 English Books

© Delhi Public Library
Hit Counter
free hit counter